00221nam a2200085Ia 450000100070000000500170000700800410002424500490006526000210011481539220250826171655.0250824s9999 xx 000 0 und d 0aKÜÇÜK PRENS cANTOINE DE SAINT-EXUPERY bPANAMA YAYINLARI